|
|
|
|
| LEADER |
01291nam a2200361 a 4500 |
| 001 |
EBC3384102 |
| 003 |
MiAaPQ |
| 005 |
20200520144314.0 |
| 006 |
m o d | |
| 007 |
cr cn||||||||| |
| 008 |
130614s2011 enk sb 001 0 eng d |
| 020 |
|
|
|z 9781906924423 (pbk.)
|
| 020 |
|
|
|z 9781906924430
|
| 020 |
|
|
|a 9781906924447 (electronic bk.)
|
| 035 |
|
|
|a (MiAaPQ)EBC3384102
|
| 035 |
|
|
|a (Au-PeEL)EBL3384102
|
| 035 |
|
|
|a (CaPaEBR)ebr10715017
|
| 035 |
|
|
|a (OCoLC)923317993
|
| 040 |
|
|
|a MiAaPQ
|c MiAaPQ
|d MiAaPQ
|
| 043 |
|
|
|a e-fr---
|
| 050 |
|
4 |
|a HM479.B68
|b S64 2011
|
| 100 |
1 |
|
|a Speller, John R. W.
|
| 245 |
1 |
0 |
|a Bourdieu and literature
|h [electronic resource] /
|c John R.W. Speller.
|
| 260 |
|
|
|a Cambridge :
|b Open Book Publishers,
|c 2011.
|
| 300 |
|
|
|a 203 p.
|
| 504 |
|
|
|a Includes bibliographical references and index.
|
| 533 |
|
|
|a Electronic reproduction. Ann Arbor, MI : ProQuest, 2015. Available via World Wide Web. Access may be limited to ProQuest affiliated libraries.
|
| 600 |
1 |
0 |
|a Bourdieu, Pierre,
|d 1930-2002.
|
| 650 |
|
0 |
|a Sociologists
|z France.
|
| 650 |
|
0 |
|a Literature and society
|z France.
|
| 655 |
|
4 |
|a Electronic books.
|
| 710 |
2 |
|
|a ProQuest (Firm)
|
| 856 |
4 |
0 |
|u https://ebookcentral.proquest.com/lib/matrademy/detail.action?docID=3384102
|z Click to View
|